| 000 | 01229cab a22002175a 4500 | ||
|---|---|---|---|
| 001 | L152581 | ||
| 008 | 110330e20110311xxk 000 0 eng d | ||
| 035 | _a(Sirsi) u152581 | ||
| 041 | 0 | _aeng | |
| 100 | 1 | _aSandher, Hardeep | |
| 245 | 0 | 0 |
_aMarkets _bYorkshire and Lincolnshire |
| 260 | _c2011 | ||
| 490 | 0 |
_aProperty Week _v77(10) 11 March 2011, 47-56(5) |
|
| 520 | _aLPA receivers bring former Lehman Brothers owned 97 000 sq ft Lateral office building in Leeds to the market. Overview of regional LEP developments in Sheffield, Hull, East Riding and Scarborough, York and North Yorkshire; and Lincolnshire. Leeds City Council discusses options to develop the area around Leeds Arena (March 2013 completion). April start for York Investors' new £32m HQ for York Council, the Council House. Rotherham Borough Council hopes to appoint by the end of 2011 a new developer by the end of 2011 for its Yes project site, potentially the largest leisure-based resort in Europe. | ||
| 590 | _aKA | ||
| 651 | 4 |
_aYorkshire _y1888- |
|
| 651 | 4 | _aLincolnshire | |
| 690 | _aPROPERTY-COMMERCIAL PROPERTY-COMMERCIAL PROPERTY MARKET | ||
| 690 | _aPROPERTY-COMMERCIAL PROPERTY-COMMERCIAL PROPERTY FINANCE AND INVESTMENT | ||
| 942 | _n0 | ||
| 999 |
_c83006 _d83006 |
||